[Event "Berlin-ch Class-C"]
[Site "Berlin"]
[Date "2010.05.15"]
[Round "6"]
[White "Struk, Thaddaeus"]
[Black "Gressmann, Moritz"]
[Result "1-0"]
[WhiteElo "1386"]
[BlackElo "1600"]
[PlyCount "69"]
[EventDate "2010.05.12"]
[EventType "tourn"]
[EventRounds "7"]
[EventCountry "GER"]
[SourceTitle "EXT 2012"]
[Source "ChessBase"]
[SourceDate "2011.11.24"]
[SourceVersion "1"]
[SourceVersionDate "2011.11.24"]
[SourceQuality "1"]

1. e4 e5 2. Nf3 Nc6 3. Bc4 Nf6 4. d3 Bc5 5. Be3 Bb6 6. 0-0 d6 7. Nbd2 Bg4 8. c3 0-0 9. Qc2 d5 10. exd5 Nxd5 11. Bg5 Qd7 12. Bb5 f6 13. Bh4 Nf4 14. Bg3 Ne2+ 15. Kh1 Nxg3+ 16. fxg3 Rad8 17. Nc4 a6 18. Nxb6 cxb6 19. Bc4+ Kh8 20. Rad1 b5 21. Bb3 Na5 22. h3 Nxb3 23. axb3 Bxf3 24. Rxf3 e4 25. Re3 f5 26. d4 Qd6 27. c4 Rde8 28. d5 f4 29. c5 Qg6 30. gxf4 Rxf4 31. d6 Qf6 32. d7 Rd8 33. Rxe4 Rxe4 34. Qxe4 Qc6 35. Qe7 1-0

[Event "Berlin-ch Class-C"]
[Site "Berlin"]
[Date "2010.05.14"]
[Round "4"]
[White "Struk, Thaddaeus"]
[Black "Laurin, Dirk"]
[Result "1-0"]
[WhiteElo "1386"]
[BlackElo "1367"]
[PlyCount "101"]
[EventDate "2010.05.12"]
[EventType "tourn"]
[EventRounds "7"]
[EventCountry "GER"]
[SourceTitle "EXT 2012"]
[Source "ChessBase"]
[SourceDate "2011.11.24"]
[SourceVersion "1"]
[SourceVersionDate "2011.11.24"]
[SourceQuality "1"]

1. d4 Nf6 2. c4 g6 3. Nc3 d5 4. cxd5 Nxd5 5. e4 Nxc3 6. bxc3 Bg7 7. Nf3 0-0 8. h3 c5 9. Be3 cxd4 10. cxd4 e6 11. Be2 Nc6 12. 0-0 Bd7 13. Rb1 Qc7 14. Qd2 b6 15. Rfc1 Qb7 16. d5 exd5 17. exd5 Na5 18. d6 Rac8 19. Bh6 Rxc1+ 20. Rxc1 Rc8 21. Bxg7 Kxg7 22. Qd4+ Kg8 23. Rxc8+ Qxc8 24. Qf6 Qf8 25. Ne5 Qe8 26. Nxd7 Qxd7 27. Qe7 Qc8 28. d7 Qc1+ 29. Bf1 Nc6 30. Qe8+ Kg7 31. Qc8 Qc5 32. d8Q Nxd8 33. Qxd8 Qc1 34. Qd7 a5 35. a4 Qa1 36. Qb5 Qd4 37. Qb3 Qf6 38. Bb5 Qa1+ 39. Kh2 Qe5+ 40. Qg3 Qf6 41. f3 h5 42. f4 h4 43. Qg5 Qxg5 44. fxg5 f6 45. gxf6+ Kxf6 46. g3 g5 47. gxh4 gxh4 48. Kg2 Kg5 49. Kf3 Kf5 50. Bd7+ Kg5 51. Ke4 1-0